Eastern Utah Libraries Catalog: Duchesne, Heber, Roosevelt, & Vernal

Against the storm / (Record no. 238310)

MARC details
000 -LEADER
fixed length control field 01457cam a2200409Ia 4500
001 - CONTROL NUMBER
control field ocn714725745
003 - CONTROL NUMBER IDENTIFIER
control field OCoLC
005 - DATE AND TIME OF LATEST TRANSACTION
control field 20181106105129.0
008 - FIXED-LENGTH DATA ELEMENTS--GENERAL INFORMATION
fixed length control field 110420t20112011onc 000 1 eng d
020 ## - INTERNATIONAL STANDARD BOOK NUMBER
International Standard Book Number 9780778312925
Qualifying information paperback
020 ## - INTERNATIONAL STANDARD BOOK NUMBER
International Standard Book Number 0778312925
Qualifying information paperback
035 ## - SYSTEM CONTROL NUMBER
System control number (OCoLC)714725745
040 ## - CATALOGING SOURCE
Original cataloging agency BTCTA
Language of cataloging eng
Transcribing agency BTCTA
Modifying agency HQB
-- LF3
-- JRS
Description conventions rda
049 ## - LOCAL HOLDINGS (OCLC)
Holding library UOKA
050 14 - LIBRARY OF CONGRESS CALL NUMBER
Classification number PS3563.A7246
Item number A76 2011
082 04 - DEWEY DECIMAL CLASSIFICATION NUMBER
Classification number 813/.6
Edition number 22
092 ## - LOCALLY ASSIGNED DEWEY CALL NUMBER (OCLC)
Classification number FIC MARTIN 2011
999 ## - SYSTEM CONTROL NUMBERS (KOHA)
Koha Dewey Subclass [OBSOLETE] 02745181
100 1# - MAIN ENTRY--PERSONAL NAME
Personal name Martin, Kat
9 (RLIN) 60963
245 10 - TITLE STATEMENT
Title Against the storm /
Statement of responsibility, etc Kat Martin.
264 #1 - Production, Publication, Distribution, Manufacture, and Copyright Notice.
Place of production, publication, distribution, manufacture Don Mills, Ont. :
Name of producer, publisher, distributor, manufacturer Mira Books,
Date of production, publication, distribution, manufacture, or copyr [2011]
264 #4 - Production, Publication, Distribution, Manufacture, and Copyright Notice.
Date of production, publication, distribution, manufacture, or copyr �2011
300 ## - PHYSICAL DESCRIPTION
Extent 393 pages ;
Dimensions 17 cm.
336 ## - Content Type
Content type term text
337 ## - Media type
Media type term unmediated
338 ## - Carrier type
Carrier type term volume
490 1# - SERIES STATEMENT
Series statement The Raines of Wind Canyon
520 ## - SUMMARY, ETC.
Summary, etc Redheads like Maggie O'Connell are nothing but trouble. But Trace Rawlins, a former army ranger turned private investigator, takes the case anyway. After all, he knows a thing or two about women.
650 #0 - SUBJECT ADDED ENTRY--TOPICAL TERM
Topical term or geographic name as entry element Private investigators
Form subdivision Fiction
9 (RLIN) 5674912
650 #0 - SUBJECT ADDED ENTRY--TOPICAL TERM
Topical term or geographic name as entry element Secrecy
Form subdivision Fiction
9 (RLIN) 5674238
650 #0 - SUBJECT ADDED ENTRY--TOPICAL TERM
Topical term or geographic name as entry element Deception
Form subdivision Fiction
9 (RLIN) 5673904
650 #0 - SUBJECT ADDED ENTRY--TOPICAL TERM
Topical term or geographic name as entry element Man-woman relationships
Form subdivision Fiction
9 (RLIN) 5674079
655 #7 - INDEX TERM--GENRE/FORM
Genre/form data or focus term Love stories
Source of term gsafd
9 (RLIN) 102729
655 #7 - INDEX TERM--GENRE/FORM
Genre/form data or focus term Romantic suspense fiction
Source of term gsafd
9 (RLIN) 5754776
800 1# - SERIES ADDED ENTRY--PERSONAL NAME
Personal name Martin, Kat.
Title of a work Raines of Wind Canyon
9 (RLIN) 5752222
942 ## - ADDED ENTRY ELEMENTS (KOHA)
Source of classification or shelving scheme Dewey Decimal Classification
Koha item type BOOK
Holdings
Withdrawn status Lost status Source of classification or shelving scheme Damaged status Not for loan Collection code Home library Current library Shelving location Date acquired Source of acquisition Cost, normal purchase price Total Checkouts Total Renewals Full call number Barcode Date last seen Date checked out Cost, replacement price Price effective from Koha item type
    Dewey Decimal Classification     Fiction Wasatch County Library Wasatch County Library First Floor 04/16/2014 Donation 25.00 8 2 F Martin 34301001284472 07/08/2025 06/25/2025 25.00 03/20/2020 BOOK
This project was made possible through a grant from the Institute of Museum and Library Service administered by the Utah State Library Division.

Wasatch County Library

  • 465 East 1200 South, Heber City, Utah 84032
  • Phone 435-654-1511 | Fax 435-654-6456

Hours

  • Monday - Friday 9:30 AM - 8:00 PM
  • Saturday 9:30 AM - 1:30 PM
  • Closed Sundays and Holidays